MARC details
| 000 -LEADER |
| fixed length control field |
01024cam a2200313 i 4500 |
| 001 - CONTROL NUMBER |
| control field |
200468120 |
| 003 - CONTROL NUMBER IDENTIFIER |
| control field |
TR-AnTOB |
| 005 - DATE AND TIME OF LATEST TRANSACTION |
| control field |
20260415131652.0 |
| 007 - PHYSICAL DESCRIPTION FIXED FIELD--GENERAL INFORMATION |
| fixed length control field |
ta |
| 008 - FIXED-LENGTH DATA ELEMENTS--GENERAL INFORMATION |
| fixed length control field |
110504s1964 nyu 000 0 eng d |
| 040 ## - CATALOGING SOURCE |
| Original cataloging agency |
TR-AnTOB |
| Language of cataloging |
eng |
| Description conventions |
rda |
| Transcribing agency |
TR-AnTOB |
| 041 0# - LANGUAGE CODE |
| Language code of text/sound track or separate title |
İngilizce |
| 050 14 - LIBRARY OF CONGRESS CALL NUMBER |
| Classification number |
PS3545.H16 |
| Item number |
H68 1964 |
| 090 ## - LOCALLY ASSIGNED LC-TYPE CALL NUMBER (OCLC); LOCAL CALL NUMBER (RLIN) |
| Classification number (OCLC) (R) ; Classification number, CALL (RLIN) (NR) |
PS3545.H16 |
| Local cutter number (OCLC) ; Book number/undivided call number, CALL (RLIN) |
H68 1964 |
| 100 1# - MAIN ENTRY--PERSONAL NAME |
| Personal name |
Wharton, Edith, |
| Dates associated with a name |
1862-1937 |
| Relator term |
author |
| 9 (RLIN) |
5413 |
| 245 14 - TITLE STATEMENT |
| Title |
The House of mirth / |
| Statement of responsibility, etc. |
Edith Wharton. |
| 250 ## - EDITION STATEMENT |
| Edition statement |
First printing, January, 1964 |
| 264 #1 - PRODUCTION, PUBLICATION, DISTRIBUTION, MANUFACTURE, AND COPYRIGHT NOTICE |
| Place of production, publication, distribution, manufacture |
New York : |
| Name of producer, publisher, distributor, manufacturer |
New American Lİbrary, |
| Date of production, publication, distribution, manufacture, or copyright notice |
1962. |
| 300 ## - PHYSICAL DESCRIPTION |
| Extent |
351 pages; |
| Dimensions |
18 cm |
| 336 ## - CONTENT TYPE |
| Content type term |
text |
| Content type code |
txt |
| Source |
rdacontent |
| 337 ## - MEDIA TYPE |
| Media type term |
unmediated |
| Media type code |
n |
| Source |
rdamedia |
| 338 ## - CARRIER TYPE |
| Carrier type term |
volume |
| Carrier type code |
nc |
| Source |
rdacarrier |
| 600 10 - SUBJECT ADDED ENTRY--PERSONAL NAME |
| Personal name |
Wharton, Edith, |
| Dates associated with a name |
1862-1937. |
| Title of a work |
House of mirth |
| 9 (RLIN) |
5414 |
| 650 ## - SUBJECT ADDED ENTRY--TOPICAL TERM |
| Topical term or geographic name entry element |
Single women |
| Geographic subdivision |
New York (State) |
| -- |
New York |
| Form subdivision |
Fiction |
| 9 (RLIN) |
5416 |
|
| Topical term or geographic name entry element |
American literature |
| Chronological subdivision |
19th century |
| 9 (RLIN) |
5415 |
| 651 #0 - SUBJECT ADDED ENTRY--GEOGRAPHIC NAME |
| Geographic name |
New York (N.Y.) |
| General subdivision |
Social life and customs |
| Form subdivision |
Fiction |
| 9 (RLIN) |
5417 |
| 942 ## - ADDED ENTRY ELEMENTS (KOHA) |
| Koha item type |
Book |
| Source of classification or shelving scheme |
Library of Congress Classification |